1580 1014 1090 1222 1022 1278 1899 1108 1318 1735 1110 1985 1612 1225 1748 1929 1468 1815 1809 1091 1419 1344 1253 1970 1695 1406 1148 1855 1199 1678 1540 1274 1549 1567 1127 1189 1028 1865 1987 1853 1538 1486 1650 1447 1419 1796 1731 1968 1159 1639 1192 1834 1361 1502 1531 1028 1613 1755 1854 1112 1326 1233 1979 1337 1735 1425 1804 1147 1956 1512 1003 1556 1055 1880 1512 1183 1901 1895 1618 1016 1207 1280 1699 1175 1076 1141 1229 1696 1007 1194 1568 1357 1795 1346 1485 1765 1804 1704 1472 BCNSPRNW ULIB Ver.6.0+V

เปลี่ยนเป็นภาษาไทย

Change to English
 แสดงรายละเอียดบรรณานุกรม
  กลับหน้าหลัก

Brief Record : Get Marc (ISO 2709) : E-mail record : QR code < ปิดหน้าต่าง
LEADER : 00000nam 2200000uu 4500
001    13399120161
003     ULIB
008    120905s2538||||th 000 0 tha d
020    ^a9747761319
060  4 ^aWY115^bก728ก
100    ^aกุลฤดี จิตตยานันต์
245    ^aการดูแลสุขภาพที่บ้าน/^cกุลฤดี จิตตยานันต์
250    ^aพิมพ์ครั้งที่ 1
260    ^aนนทบุรี :^bสถาบันพัฒนากำลังคนด้านสาธารณสุข สำนักงานปลัดกระทรวงสาธารณสุข,^c2538
300    ^a94 หน้า;^b29 ซม.
650    ^aการบริการผู้ป่วยที่บ้าน
700    ^aวันดี วงศ์รัตนรักษ์
710    ^aสถาบันพัฒนากำลังคนด้านสาธารณสุข สำนักงานปลัดกระทรวงสาธารณสุข
945    ^p70^l0^i032768
945    ^p70^l0^i032769
945    ^p70^l0^i032770
945    ^p70^l0^i032771
945    ^p70^l0^i032772
995    ^aทศพร
999    ^aทศพร
รายการนี้ยังไม่มีแท็ก
คุณยังไม่ได้ล็อกอิน คุณสามารถมีกิจกรรมร่วมกับเว็บไซต์ได้ แต่ต้องล็อกอินก่อน ::
  ล็อกอิน

รายการสื่อสารสนเทศ

ลำดับที่ ประเภท เลขเรียก/บาร์โค้ด สถานที่ สถานะ
- ไม่พบข้อมูล -

BibComment


ยังไม่เคยถูกคอมเมนท์

คอมเมนท์ทรัพยากรรายการนี้
  คอมเมนท์: การดูแลสุขภาพที่..


 Copyright 2026. Bcnsprnw @Library